| 000 | 00693nam a2200217 a 4500 | ||
|---|---|---|---|
| 005 | 20241030063732.0 | ||
| 008 | 991125s19921998mx 000 0 spa u | ||
| 020 | _a9684306628 | ||
| 035 | _aUPN01000014510 | ||
| 049 | _aCG | ||
| 050 | 4 |
_aLB1027 _bM628 |
|
| 100 | 1 | _aMorine, Harold | |
| 245 | 1 | 3 |
_aEl descubrimiento : _bun desafío a los profesores / _cHarold Morine, Greta Morine ; tr. Cecilia Belmonte Martínez. |
| 260 |
_aMéxico : _bSantillana, _c1992 (1998 impr.) |
||
| 300 | _a305 p. | ||
| 440 | 0 | _aAula XXI | |
| 650 | 4 |
_aEducación _xFines y objetivos _94837 |
|
| 650 | 2 |
_aMaestros _xFormacion profesional _xInvestigación _9792 |
|
| 700 | 1 |
_aMorine, Greta, _ecoaut. |
|
| 905 | _aLibro | ||
| 999 |
_c14510 _d14510 |
||